| 000 | 00749nam a2200217 i 4500 | ||
|---|---|---|---|
| 001 | 143365 | ||
| 003 | ES-MaACL | ||
| 005 | 20250507063022.0 | ||
| 007 | t| | ||
| 008 | 070214s1962 sp r ||||1| spa d | ||
| 080 | _a929 Segovia Morón, María Josefa | ||
| 100 | 0 |
_aSerrano de Haro, Agustín, _d1960- _9105744 |
|
| 245 | 1 | 4 |
_aUna mujer para una obra, María Josefa Segovia Morón / _cpor Agustín Serrano de Haro. |
| 260 |
_aMadrid : _bParaninfo, _c1962 ( _fClemares) |
||
| 300 |
_a116 p., 1 h. de lám. ; _c18 cm. |
||
| 490 | 1 | _aCuadernos Paraninfo. Serie biografías | |
| 600 | 1 | 4 |
_aSegovia, Josefa. _9105151 |
| 830 | 1 |
_aCuadernos Paraninfo. Serie biografías _9220558 |
|
| 852 | 4 |
_aES-MaACL _jC-24939 |
|
| 999 |
_c143365 _d143365 |
||